Christmas Songs - Sudden Death - Statistics

General Stats
  • This quiz has been taken 48,979 times
    41,409 since last reset
  • The average score is 9 of 16
Answers on the Grid
Answers color-coded by a green-red scale on the quiz's grid according to % correct below.
All I Want for Christmas is an Alligator
All I Want for Christmas is You
Blue Christmas
Boogie Woogie Bethlehem
Chestnuts with Love
Christmas in Jerusalem
Cleaning up the Wrapping
Deck the Halls
Durty $anta
Frosty the Snowman
Gift-wrapped Dreams
Good King Wenceslas
Grandma Got Run Over by a Reindeer
Harvey the Happy Elf
Holly Jolly Christmas
I Want a Hippopotamus for Christmas
Jingle Bells
Last Christmas
Little Drummer Boy
Little Santa Dude
My Baby’s Last Christmas
Puttin’ Up That Tree
Rechtsanwältin
Rockin’ Around the Christmas Tree
Rudolph the Red-Nosed Reindeer
Run Rudolph Run
Santa’s Smooches
Sleigh Ride
The Chipmunk Song
We Saw a Star on Christmas Eve
 
Answer Stats
Answer % Correct
All I Want for Christmas is You
95%
Jingle Bells
77%
Last Christmas
72%
Frosty the Snowman
71%
Rudolph the Red-Nosed Reindeer
71%
Rockin’ Around the Christmas Tree
69%
Deck the Halls
68%
Holly Jolly Christmas
63%
Little Drummer Boy
63%
Blue Christmas
56%
Sleigh Ride
48%
Grandma Got Run Over by a Reindeer
45%
Good King Wenceslas
41%
Run Rudolph Run
40%
I Want a Hippopotamus for Christmas
36%
The Chipmunk Song
30%
No matching quizzes found
Score Distribution
Percent of People with Each Score
Percentile by Number Answered
Your Score History
You have not taken this quiz since the last reset